000 00469nmm a2200169Ia 4500
008 251105s9999||||xx |||||||||||||||||und||
020 _a9562828506
041 _aspa
100 _aCasas, Jaime
245 0 _aUn actor sin escenario
264 _a[Santiago de Chile, Chile] :
_bLOM Ediciones,
_c2006
300 _a216 páginas
490 _aNarrativa
650 _aLatin American narrative
856 _uhttps://public.digitaliapublishing.com/a/13072
942 _cCF
999 _c74368
_d74368